5HLuxD.jpg

KING HENRY VIII SENIOR AND PRIMARY SCHOOL LIBRARY OPAC

NorthStar. (Record no. 2827)

000 -LEADER
fixed length control field 01762nam a2200469 i 4500
001 - CONTROL NUMBER
control field 019863594
003 - CONTROL NUMBER IDENTIFIER
control field UkOxU
005 - DATE AND TIME OF LATEST TRANSACTION
control field 20230823090355.0
006 - FIXED-LENGTH DATA ELEMENTS--ADDITIONAL MATERIAL CHARACTERISTICS
fixed length control field innnn|||||||||| n
007 - PHYSICAL DESCRIPTION FIXED FIELD--GENERAL INFORMATION
fixed length control field sd fsngnnmmned
008 - FIXED-LENGTH DATA ELEMENTS--GENERAL INFORMATION
fixed length control field 150721s2015 nyua 000 0 eng d
020 ## - INTERNATIONAL STANDARD BOOK NUMBER
International Standard Book Number 9780134280783
035 ## - SYSTEM CONTROL NUMBER
System control number (StEdALDL)1/3223210
040 ## - CATALOGING SOURCE
Original cataloging agency StEdALDL
Language of cataloging eng
Description conventions rda
Transcribing agency StEdALDL
Modifying agency UkOxU
-- KH8
049 ## - LOCAL HOLDINGS (OCLC)
Holding library CROBAR
082 ## - DEWEY DECIMAL CLASSIFICATION NUMBER
Classification number 428.24 MER
100 1# - MAIN ENTRY--PERSONAL NAME
Personal name Merdinger, Polly,
Relator term author.
245 10 - TITLE STATEMENT
Title NorthStar.
Name of part/section of a work Listening & speaking.
Number of part/section of a work 1 /
Statement of responsibility, etc. Pollly Merdinger, Laurie Barton.
246 3# - VARYING FORM OF TITLE
Title proper/short title NorthStar.
Name of part/section of a work Listening and speaking.
Number of part/section of a work 1
246 3# - VARYING FORM OF TITLE
Title proper/short title North star.
Name of part/section of a work Listening and speaking.
Number of part/section of a work 1
250 ## - EDITION STATEMENT
Edition statement Third edition.
264 #1 - PRODUCTION, PUBLICATION, DISTRIBUTION, MANUFACTURE, AND COPYRIGHT NOTICE
Place of production, publication, distribution, manufacture White Plains, New York :
Name of producer, publisher, distributor, manufacturer Pearson Education,
Date of production, publication, distribution, manufacture, or copyright notice [2015]
264 #4 - PRODUCTION, PUBLICATION, DISTRIBUTION, MANUFACTURE, AND COPYRIGHT NOTICE
Date of production, publication, distribution, manufacture, or copyright notice ©2015
300 ## - PHYSICAL DESCRIPTION
Extent volumes :
Other physical details illustrations ;
Dimensions 26 cm.
336 ## - CONTENT TYPE
Content type term text
Source rdacontent
336 ## - CONTENT TYPE
Content type term spoken word
Source rdacontent
337 ## - MEDIA TYPE
Media type term unmediated
Source rdamedia
337 ## - MEDIA TYPE
Media type term audio
Source rdamedia
338 ## - CARRIER TYPE
Carrier type term volume
Source rdacarrier
338 ## - CARRIER TYPE
Carrier type term audio disc
Source rdacarrier
344 ## - SOUND CHARACTERISTICS
Type of recording digital
Recording medium optical
Configuration of playback channels stereo
Source rda
347 ## - DIGITAL FILE CHARACTERISTICS
File type audio file
Encoding format CD audio
Source rda
490 1# - SERIES STATEMENT
Series statement Always learning
505 0# - FORMATTED CONTENTS NOTE
Formatted contents note Student book with MyEnglishLab -- Student book with interactive student book and MyEnglishLab -- Interactive student book with MyEnglishLab -- Instructor access: teacher resource eText and MyEnglishLab -- Class audio CDs.
650 #0 - SUBJECT ADDED ENTRY--TOPICAL TERM
Topical term or geographic name entry element English language
Form subdivision Textbooks for foreign speakers.
650 #0 - SUBJECT ADDED ENTRY--TOPICAL TERM
Topical term or geographic name entry element English language
General subdivision Study and teaching
-- Foreign speakers.
650 #0 - SUBJECT ADDED ENTRY--TOPICAL TERM
Topical term or geographic name entry element Listening
Form subdivision Problems, exercises, etc.
650 #0 - SUBJECT ADDED ENTRY--TOPICAL TERM
Topical term or geographic name entry element English language
General subdivision Spoken English
Form subdivision Problems, exercises, etc.
700 1# - ADDED ENTRY--PERSONAL NAME
Personal name Barton, Laurie,
Relator term author.
830 #0 - SERIES ADDED ENTRY--UNIFORM TITLE
Uniform title Always learning.
942 ## - ADDED ENTRY ELEMENTS (KOHA)
Source of classification or shelving scheme
Koha item type Teaching Resources
Holdings
Withdrawn status Lost status Source of classification or shelving scheme Damaged status Not for loan Collection code Permanent Location Current Location Shelving location Date acquired Full call number Barcode Date last seen Price effective from Koha item type
          Teaching Resources KH8 Senior School Library KH8 Senior School Library Staff Office 2023-08-23 428.24 MER TRKHSL002262 2023-08-23 2023-08-23 Teaching Resources

Powered By KH8 IT Dept